000 00771nam a2200241 a 4500
008
020 _a0521587182 (pbk.)
049 _aMAIN
090 _aQR100.8.59 PLA
245 1 0 _aPlant- Microbe sybiosis: molecular appraches /
_bedited by A.H. Fitter and D.P. Stribley.
260 _aCambridge :
_bUniversity Press,
_c1996.
300 _a197 p. :
_bill.(some col.) ;
_c30 cm.
504 _aIncludes bibliographical references.
500 _aIncludes index.
500 _aProceedings of the first new phytologist symposium.
700 _aStribley, D.P.
700 _aFitter, A.H.
907 _a.b10231651
_b15-02-07
_c14-02-07
003
005 20230123134357.0
040 _cNUST
942 _cBOOKS
_kQR100.8.59 PLA
999 _c164870
_d164870